Cvičenia z matematickej analýzy 1
Na minha lista:
| Autor principal: | |
|---|---|
| Outros Autores: | |
| Formato: | Livro |
| Idioma: | eslovaco |
| Publicado em: |
Bratislava
Univerzita Komenského
1992
|
| Edição: | 1. vyd. |
| Assuntos: | |
| Tags: |
Sem tags, seja o primeiro a adicionar uma tag!
|
MARC
| LEADER | 00000nam a2200000 4500 | ||
|---|---|---|---|
| 001 | c003843 | ||
| 005 | 20221214085410.0 | ||
| 020 | |a 80-223-0115-9 | ||
| 041 | 0 | |a slo | |
| 044 | |a SK | ||
| 245 | 1 | 0 | |a Cvičenia z matematickej analýzy 1 |c Zbyněk Kubáček, Ján Valášek |
| 250 | |a 1. vyd. | ||
| 264 | 1 | |a Bratislava |b Univerzita Komenského |c 1992 | |
| 300 | |a 174 s. | ||
| 610 | 2 | 0 | |a matematika |
| 100 | 1 | |a Kubáček, Zbyněk | |
| 700 | 1 | |a Valášek, Ján, 1994- | |